00415cam a2200145 i 4500020001800000041000800018082001600026100001400042245004600056260005900102300002200161520002600183650002400209700003600233 a9789558387047 aENG a270.82bSOM aSomaratna00aFootprints of an ecumenical pilgrimage :  aColombobNational Christian Counsil of Sri Lankac2014 axxii, 216 pages ; aContributed articles. 0aEcumenical movement1 aSōmaratna, Jī. Pī. Vī.,